Na co byste při úspěšném pohovoru neměli zapomenout
Ak chceme uchádzača lepšie poznať, je potrebné položiť mu otázky, ktoré nečaká. Tak zistíme ako skutočne uvažuje. Šesť základných otázok.
Uložené v:
| Hlavný autor: | |
|---|---|
| Médium: | Kapitola |
| Jazyk: | Czech |
| Predmet: | |
| Tagy: |
Žiadne tagy, Buďte prvý, kto otaguje tento záznam!
|
MARC
| LEADER | 00000naa a2200000 4500 | ||
|---|---|---|---|
| 001 | 0132411 | ||
| 005 | 20231019115636.9 | ||
| 041 | 0 | |a cze | |
| 044 | |a CZ | ||
| 245 | 1 | 0 | |a Na co byste při úspěšném pohovoru neměli zapomenout |c Jan Urban |
| 520 | |a Ak chceme uchádzača lepšie poznať, je potrebné položiť mu otázky, ktoré nečaká. Tak zistíme ako skutočne uvažuje. Šesť základných otázok. | ||
| 610 | 2 | 0 | |a nábor pracovníkov |
| 610 | 2 | 0 | |a pohovor |
| 100 | 1 | |a Urban, Jan | |